000 00709cam a2200157 4500500
005 20260405000941.0
041 _afre
042 _adc
100 1 0 _aRivet de Sabatier, Philippe
_eauthor
245 0 0 _aGrégoire Biasini and Karine Berger, Quand la France se détourne de la science, Odile Jacob, 2025, 224 pages, €22.90.
260 _c2026.
500 _a21
520 _aAs Art Deco celebrates its centenary, a number of exhibitions in Paris and the surrounding area reflect on the singularity and influence of this movement.
786 0 _nÉtudes | 4335 | 3 | 2026-02-25 | p. 123-123 | 0014-1941
856 4 1 _uhttps://shs.cairn.info/journal-etudes-2026-3-page-123?lang=en&redirect-ssocas=7080
999 _c2042480
_d2042480